00352nam a2200133 a 45000010010000000030011000100080041000210350026000620820014000881000027001022450032001292600033001616500024001940000-8503ELIB.Books110520 0000  a(ELIB.Books)0000-8648 a268 bWea aWeatherhead, Leslie D. aThe Transforming Friendship bNew York: Abingdon Press c0 aChristian Education